Introductory Remote Sensing principles and concepts (Record no. 561850)

000 -LEADER
fixed length control field 00372nam a2200121Ia 4500
008 - FIXED-LENGTH DATA ELEMENTS--GENERAL INFORMATION
fixed length control field 210430s9999 xx 000 0 und d
082 ## - DEWEY DECIMAL CLASSIFICATION NUMBER
Classification number 621.3678 G437 I
100 ## - MAIN ENTRY--PERSONAL NAME
Personal name Paul J Gibson
9 (RLIN) 52558
245 ## - TITLE STATEMENT
Title Introductory Remote Sensing principles and concepts
Statement of responsibility, etc. Paul J Gibson
260 ## - PUBLICATION, DISTRIBUTION, ETC.
Place of publication, distribution, etc. London
Name of publisher, distributor, etc. Routledge Taylor & Francis Group
Date of publication, distribution, etc. 2000
300 ## - PHYSICAL DESCRIPTION
Extent 184p.
942 ## - ADDED ENTRY ELEMENTS (KOHA)
Koha item type Book
Source of classification or shelving scheme
Holdings
Withdrawn status Lost status Damaged status Not for loan Collection code Permanent Location Current Location Shelving location Date acquired Total Checkouts Full call number Barcode Date last seen Price effective from Koha item type
          School of Chemical & Materials Engineering (SCME) School of Chemical & Materials Engineering (SCME) General Stacks 12/11/7   621.3678 G437 I SCME-686 04/30/2021 04/30/2021 Book
© 2023 Central Library, National University of Sciences and Technology. All Rights Reserved.